[Event "Pan American Intercollegiate-chT"]
[Site "Charlotte"]
[Date "2025.01.04"]
[Round "4.24"]
[White "Zong, Davis Jr"]
[Black "Zhang, Henry"]
[Result "1/2-1/2"]
[WhiteElo "2235"]
[BlackElo "2133"]
[PlyCount "85"]
[EventDate "2025.01.02"]
[EventType "team-swiss"]
[EventRounds "6"]
[EventCountry "USA"]
[SourceTitle "CB02_2025"]
[SourceDate "2025.01.08"]
[SourceVersion "1"]
[SourceVersionDate "2025.01.08"]
[SourceQuality "1"]
[WhiteTeam "Yale"]
[BlackTeam "Toronto Univ"]
[WhiteTeamCountry "USA"]
[BlackTeamCountry "CAN"]

1. d4 Nf6 2. c4 g6 3. h4 Bg7 4. Nc3 d6 5. e4 Nc6 6. d5 Ne5 7. Be2 h5 8. Be3 a6 9. Rc1 c5 10. a3 Bd7 11. b4 Nfg4 12. Bd2 cxb4 13. axb4 Qb6 14. c5 dxc5 15. Na4 Qf6 16. f3 cxb4 17. fxg4 Nxg4 18. Nf3 0-0 19. Nc5 Qd6 20. Nd3 f5 21. Bf4 Qb6 22. e5 Rfc8 23. Rb1 a5 24. Qd2 Rc4 25. Nh2 Nxh2 26. Be3 Qc7 27. Rxh2 Rc2 28. Rc1 b3 29. Rxc2 bxc2 30. Kf2 b5 31. Bf4 b4 32. e6 Qa7+ 33. Kg3 Ba4 34. Rh1 b3 35. Be5 Bxe5+ 36. Nxe5 Qc7 37. Qd4 Rc8 38. Bc4 Qb8 39. Kh3 b2 40. Nf7 Kh7 41. Ng5+ Kg8 42. Nf7 Kh7 43. Ng5+ 1/2-1/2

[Event "Pan American Intercollegiate-chT"]
[Site "Charlotte"]
[Date "2025.01.03"]
[Round "2.24"]
[White "Kostolansky, Sebastian Lukas"]
[Black "Zhang, Henry"]
[Result "1-0"]
[WhiteElo "2421"]
[BlackElo "2133"]
[PlyCount "65"]
[EventDate "2025.01.02"]
[EventType "team-swiss"]
[EventRounds "6"]
[EventCountry "USA"]
[SourceTitle "CB02_2025"]
[SourceDate "2025.01.08"]
[SourceVersion "1"]
[SourceVersionDate "2025.01.08"]
[SourceQuality "1"]
[WhiteTeam "Texas Tech Univ"]
[BlackTeam "Toronto Univ"]
[WhiteTeamCountry "USA"]
[BlackTeamCountry "CAN"]

1. e4 c5 2. Nf3 d6 3. Bb5+ Nd7 4. 0-0 a6 5. Be2 Ngf6 6. d3 b5 7. Nfd2 Bb7 8. f4 Qb6 9. Bf3 e5 10. f5 g6 11. fxg6 hxg6 12. c4 b4 13. a3 Be7 14. Rf2 a5 15. Nf1 Kf8 16. Ne3 Kg7 17. Nd2 Nb8 18. Nd5 Nxd5 19. cxd5 Nd7 20. Nc4 Qb5 21. Be2 Nb6 22. Bg5 Bxg5 23. Rxf7+ Kxf7 24. Nxd6+ Kg7 25. Nxb5 Rxh2 26. Kxh2 Rh8+ 27. Bh5 Rxh5+ 28. Kg3 Bh4+ 29. Kf3 Nxd5 30. Nd6 Bc6 31. exd5 Bxd5+ 32. Ne4 Rf5+ 33. Ke3 1-0

[Event "Aktobe Dvorkovich Cup U16"]
[Site "Aktobe"]
[Date "2019.09.24"]
[Round "8.4"]
[White "Shubin, Kirill"]
[Black "Zhang, Henry"]
[Result "1-0"]
[WhiteElo "2416"]
[BlackElo "2133"]
[PlyCount "53"]
[EventDate "2019.09.23"]
[EventType "team-tourn (rapid)"]
[EventRounds "9"]
[EventCountry "KAZ"]
[SourceTitle "EXT 2020"]
[Source "ChessBase"]
[SourceDate "2019.10.17"]
[SourceVersion "1"]
[SourceVersionDate "2019.10.17"]
[SourceQuality "1"]
[WhiteTeam "Russia U16"]
[BlackTeam "Canada U16"]
[WhiteTeamCountry "RUS"]
[BlackTeamCountry "CAN"]

1. e4 c5 2. Nf3 e6 3. g3 Nc6 4. Bg2 Nf6 5. Qe2 e5 6. 0-0 Be7 7. Nc3 0-0 8. Nd5 Nxd5 9. exd5 Nd4 10. Nxd4 exd4 11. Qc4 d6 12. b4 Rb8 13. a4 b5 14. axb5 Bd7 15. Re1 Bxb5 16. Qa2 Bf6 17. bxc5 d3 18. c3 dxc5 19. Qxa7 Ra8 20. Qxa8 Qxa8 21. Rxa8 Rxa8 22. d6 Ra6 23. c4 Bd7 24. Bh3 Bc6 25. d7 h6 26. Bf5 Ra1 27. Re8# 1-0

[Event "Aktobe Dvorkovich Cup U16"]
[Site "Aktobe"]
[Date "2019.09.23"]
[Round "4.5"]
[White "Zhang, Henry"]
[Black "Malikov, Farid"]
[Result "1-0"]
[WhiteElo "2133"]
[BlackElo "1956"]
[PlyCount "145"]
[EventDate "2019.09.23"]
[EventType "team-tourn (rapid)"]
[EventRounds "9"]
[EventCountry "KAZ"]
[SourceTitle "EXT 2020"]
[Source "ChessBase"]
[SourceDate "2019.10.17"]
[SourceVersion "1"]
[SourceVersionDate "2019.10.17"]
[SourceQuality "1"]
[WhiteTeam "Canada U16"]
[BlackTeam "Azerbaijan U16"]
[WhiteTeamCountry "CAN"]
[BlackTeamCountry "AZE"]

1. e4 c5 2. Nf3 Nc6 3. d4 cxd4 4. Nxd4 Nf6 5. Nc3 e5 6. Ndb5 d6 7. Bg5 a6 8. Na3 b5 9. Nd5 Be7 10. Bxf6 Bxf6 11. c4 b4 12. Nc2 a5 13. g3 0-0 14. Bg2 Bg5 15. 0-0 Be6 16. Qd3 Qb8 17. Rad1 Qa7 18. Kh1 Rad8 19. f4 Bh6 20. Nde3 Qc5 21. b3 Bc8 22. Qe2 Rfe8 23. Ng4 Bxg4 24. Qxg4 a4 25. Rd5 Qa7 26. Rfd1 exf4 27. gxf4 Qf2 28. Nd4 Nxd4 29. R5xd4 axb3 30. axb3 Bxf4 31. c5 Be3 32. Rd5 Bxc5 33. e5 Qb2 34. exd6 Rxd6 35. Rxc5 Qf2 36. Rcc1 Rg6 37. Qf3 Qb6 38. Rc6 Qa7 39. Rxg6 hxg6 40. Qd5 Qf2 41. Rf1 Qa7 42. Qb7 Qxb7 43. Bxb7 f6 44. Bd5+ Kf8 45. Kg2 Re2+ 46. Rf2 Re5 47. Bc4 Rg5+ 48. Kf3 Ke7 49. Ra2 Rf5+ 50. Ke4 Rh5 51. Ra7+ Kd6 52. Rxg7 Rh4+ 53. Kf3 g5 54. Rf7 Ke5 55. Re7+ Kd4 56. Re2 f5 57. Rg2 Rh3+ 58. Ke2 g4 59. Kd2 Rh6 60. Ke2 Rh3 61. Rf2 Ke5 62. Ke1 f4 63. Re2+ Kd4 64. Be6 Rh4 65. Rg2 Ke3 66. Bxg4 f3 67. Rg3 Kf4 68. Bxf3 Rxh2 69. Rg2 Rh1+ 70. Kf2 Rh4 71. Ke2 Ke5 72. Rg4 Rh2+ 73. Ke3 1-0

[Event "CAN-ch U20"]
[Site "Toronto"]
[Date "2019.08.11"]
[Round "7"]
[White "Zhang, Henry"]
[Black "Kang, Dorian"]
[Result "1-0"]
[WhiteElo "2151"]
[BlackElo "2087"]
[PlyCount "67"]
[EventDate "2019.08.08"]
[EventType "swiss"]
[EventRounds "8"]
[EventCountry "CAN"]
[SourceTitle "CBM 191 Extra"]
[Source "ChessBase"]
[SourceDate "2019.09.30"]
[SourceVersion "1"]
[SourceVersionDate "2019.09.30"]
[SourceQuality "1"]

1. e4 c5 2. Nf3 d6 3. d4 cxd4 4. Qxd4 a6 5. h3 Nc6 6. Qe3 g6 7. c4 Bd7 8. Be2 Bg7 9. 0-0 Nf6 10. Nc3 0-0 11. Rd1 Qa5 12. Rb1 Be6 13. a3 Qc5 14. Qxc5 dxc5 15. Be3 b6 16. b4 cxb4 17. axb4 Rab8 18. Ng5 h6 19. Nxe6 fxe6 20. b5 axb5 21. cxb5 Na5 22. e5 Nh5 23. Bxh5 Bxe5 24. Bxh6 Rf7 25. Bg4 Bxc3 26. Bxe6 Kh7 27. Bxf7 Kxh6 28. Rd7 Rb7 29. Rbd1 Kg7 30. Ba2 Kf6 31. g3 Bb4 32. Bb1 Rxd7 33. Rxd7 Nc4 34. Rd4 1-0

[Event "CAN-ch U20"]
[Site "Toronto"]
[Date "2019.08.10"]
[Round "6"]
[White "Graif, William"]
[Black "Zhang, Henry"]
[Result "1-0"]
[WhiteElo "2254"]
[BlackElo "2151"]
[PlyCount "49"]
[EventDate "2019.08.08"]
[EventType "swiss"]
[EventRounds "8"]
[EventCountry "CAN"]
[SourceTitle "CBM 191 Extra"]
[Source "ChessBase"]
[SourceDate "2019.09.30"]
[SourceVersion "1"]
[SourceVersionDate "2019.09.30"]
[SourceQuality "1"]

1. e4 c5 2. Nc3 Nc6 3. Bb5 Nd4 4. Nf3 e6 5. 0-0 a6 6. Bd3 Ne7 7. Nxd4 cxd4 8. Ne2 d5 9. f4 Nc6 10. Qe1 g6 11. Qg3 Bg7 12. e5 f6 13. b3 Qc7 14. exf6 Bxf6 15. Ba3 Bd7 16. Bxg6+ Kd8 17. Bd3 Kc8 18. Bb2 b6 19. Qf2 e5 20. fxe5 Bxe5 21. Qh4 Rg8 22. Rf7 Rg4 23. Qxh7 Nd8 24. Rxd7 Bxh2+ 25. Kh1 1-0

[Event "CAN-ch U20"]
[Site "Toronto"]
[Date "2019.08.10"]
[Round "5"]
[White "Tanaka, Taira Tyler"]
[Black "Zhang, Henry"]
[Result "0-1"]
[WhiteElo "2103"]
[BlackElo "2151"]
[PlyCount "94"]
[EventDate "2019.08.08"]
[EventType "swiss"]
[EventRounds "8"]
[EventCountry "CAN"]
[SourceTitle "CBM 191 Extra"]
[Source "ChessBase"]
[SourceDate "2019.09.30"]
[SourceVersion "1"]
[SourceVersionDate "2019.09.30"]
[SourceQuality "1"]

1. e4 c5 2. Ne2 Nc6 3. Nbc3 e6 4. d4 cxd4 5. Nxd4 Qc7 6. Be2 a6 7. 0-0 Nf6 8. Be3 Be7 9. f4 d6 10. Kh1 0-0 11. Qe1 Nxd4 12. Bxd4 b5 13. a3 Bb7 14. Qg3 Bc6 15. Bd3 Rad8 16. Rae1 Qd7 17. Rd1 Nh5 18. Qg4 g6 19. f5 e5 20. Be3 Nf6 21. Qh3 Rfe8 22. Bg5 Nh5 23. f6 Qxh3 24. fxe7 Qd7 25. exd8Q Rxd8 26. Bxd8 Qxd8 27. Be2 Nf4 28. Bf3 a5 29. Rfe1 b4 30. axb4 axb4 31. Ne2 Ne6 32. Rd2 Qa8 33. Ng3 Nd4 34. c3 bxc3 35. bxc3 Qa5 36. Re3 f5 37. exf5 gxf5 38. Ne2 f4 39. Nxd4 Bxf3 40. Nxf3 fxe3 41. Re2 Qxc3 42. g3 Qd3 43. Re1 e4 44. Ng1 d5 45. Kg2 d4 46. Re2 Qd1 47. Ra2 Qd2+ 0-1

[Event "World op 47th"]
[Site "Philadelphia"]
[Date "2019.07.04"]
[Round "3"]
[White "Zhang, Henry"]
[Black "Homa, Seth"]
[Result "1/2-1/2"]
[WhiteElo "2071"]
[BlackElo "2281"]
[PlyCount "58"]
[EventDate "2019.07.03"]
[EventType "swiss"]
[EventRounds "9"]
[EventCountry "USA"]
[SourceTitle "CBM 191 Extra"]
[Source "ChessBase"]
[SourceDate "2019.09.30"]
[SourceVersion "1"]
[SourceVersionDate "2019.09.30"]
[SourceQuality "1"]

1. e4 c5 2. Nf3 Nc6 3. d4 cxd4 4. Nxd4 e5 5. Nb5 d6 6. N1c3 a6 7. Na3 Be7 8. Nc4 Nf6 9. Ne3 b5 10. g3 0-0 11. Bg2 Be6 12. 0-0 Rc8 13. Ncd5 Bxd5 14. exd5 Nb8 15. a4 Nbd7 16. axb5 axb5 17. Qe2 Rb8 18. Bd2 Qc7 19. Ra5 b4 20. Rb5 Rxb5 21. Qxb5 Rb8 22. Qc6 Qd8 23. Ra1 Nc5 24. b3 Bf8 25. Ra7 Nfe4 26. Be1 Rc8 27. Qb5 Rb8 28. Qc6 Rc8 29. Qb5 Rb8 1/2-1/2

[Event "Newmarket Aurora Fall op"]
[Site "Newmarket"]
[Date "2018.10.21"]
[Round "5.6"]
[White "Munro, Allan"]
[Black "Zhang, Henry"]
[Result "1/2-1/2"]
[WhiteElo "2249"]
[BlackElo "2217"]
[PlyCount "66"]
[EventDate "2018.10.20"]
[EventType "swiss"]
[EventRounds "5"]
[EventCountry "CAN"]
[SourceTitle "EXT 2022"]
[Source "ChessBase"]
[SourceDate "2021.10.06"]
[SourceVersion "1"]
[SourceVersionDate "2021.10.06"]
[SourceQuality "1"]

1. e4 c5 2. Nf3 e6 3. g3 Nc6 4. Bg2 d6 5. 0-0 e5 6. c3 c4 7. d4 cxd3 8. Qxd3 Nf6 9. c4 Be7 10. Nc3 0-0 11. Bg5 Bg4 12. Ne1 Nd4 13. Nc2 Nxc2 14. Qxc2 Be6 15. b3 Ne8 16. Be3 Nf6 17. h3 Nd7 18. Rad1 a6 19. a4 Rc8 20. Rd2 Qa5 21. Kh2 f6 22. h4 Rc6 23. Bh3 Bxh3 24. Kxh3 Rb8 25. Nd5 Bf8 26. b4 Qd8 27. Qb3 Kh8 28. a5 Qc8 29. Kg2 Rxc4 30. f3 Rc6 31. Rff2 Qe8 32. Rc2 Rbc8 33. Qd3 Qf7 1/2-1/2

[Event "CAN-ch U20 op"]
[Site "Toronto"]
[Date "2018.08.10"]
[Round "5.3"]
[White "Bremner, William"]
[Black "Zhang, Henry"]
[Result "1/2-1/2"]
[WhiteElo "2198"]
[BlackElo "2194"]
[PlyCount "82"]
[EventDate "2018.08.08"]
[EventType "swiss"]
[EventRounds "9"]
[EventCountry "CAN"]
[SourceTitle "EXT 2022"]
[Source "ChessBase"]
[SourceDate "2021.10.06"]
[SourceVersion "1"]
[SourceVersionDate "2021.10.06"]
[SourceQuality "1"]

1. d4 Nf6 2. c4 g6 3. Nc3 d5 4. Nf3 Bg7 5. Bg5 Ne4 6. cxd5 Nxg5 7. Nxg5 e6 8. Qd2 exd5 9. Qe3+ Kf8 10. Qf4 Qf6 11. Qxc7 Na6 12. Qg3 Nb4 13. Rc1 Bf5 14. e3 Nc2+ 15. Kd2 Nxd4 16. exd4 Qxd4+ 17. Bd3 Be5 18. Qf3 Bf4+ 19. Kc2 Bxd3+ 20. Qxd3 Qxd3+ 21. Kxd3 Bxg5 22. Rce1 d4 23. Kxd4 Rd8+ 24. Kc4 Rd2 25. Ne4 b5+ 26. Kb3 Rd3+ 27. Kc2 Rd5 28. Rd1 Re5 29. Rhe1 Kg7 30. Nxg5 Rxg5 31. g3 Rc8+ 32. Kb3 Rf5 33. f4 a5 34. Re5 Rxe5 35. fxe5 Rc5 36. Re1 Kf8 37. e6 f6 38. e7+ Ke8 39. Re6 Re5 40. Rxf6 Kxe7 41. Rf3 Kd6 1/2-1/2

[Event "Canadian op"]
[Site "Quebec"]
[Date "2018.07.10"]
[Round "5"]
[White "Ouellet, Maili Jade"]
[Black "Zhang, Henry"]
[Result "1/2-1/2"]
[WhiteElo "2197"]
[BlackElo "1979"]
[PlyCount "113"]
[EventDate "2018.07.07"]
[EventType "swiss"]
[EventRounds "9"]
[EventCountry "CAN"]
[SourceTitle "CBM 185 Extra"]
[Source "ChessBase"]
[SourceDate "2018.07.29"]
[SourceVersion "1"]
[SourceVersionDate "2018.07.29"]
[SourceQuality "1"]

1. d4 Nf6 2. c4 g6 3. Nc3 d5 4. cxd5 Nxd5 5. Bd2 Bg7 6. e4 Nb6 7. Be3 0-0 8. h3 e5 9. Nf3 exd4 10. Bxd4 Nc6 11. Bxg7 Kxg7 12. Be2 Qe7 13. 0-0 Rd8 14. Qc1 Be6 15. Ng5 Nd4 16. Nxe6+ Qxe6 17. Bg4 Qe7 18. Re1 c6 19. f4 f6 20. Kh1 Nd7 21. Bd1 Nc5 22. Qe3 f5 23. e5 Nde6 24. Bc2 Nd4 25. Bb1 Nce6 26. Bd3 Nc5 27. Bb1 Nce6 28. Qf2 Rd7 29. Bd3 Rad8 30. Rad1 a6 31. g4 Qf7 32. Rf1 Kh8 33. Bb1 Rf8 34. g5 Rfd8 35. b4 Nb5 36. Rxd7 Rxd7 37. Nxb5 axb5 38. a3 Qe7 39. Ba2 Kg7 40. Qf3 Rd4 41. Qb3 Kf7 42. Rd1 Rxd1+ 43. Qxd1 Ke8 44. Qd2 Nd8 45. Kh2 c5 46. bxc5 Qxc5 47. e6 Qc6 48. Qb2 Nxe6 49. Bxe6 Qxe6 50. Qxb5+ Kd8 51. Qd3+ Kc7 52. Qc3+ Qc6 53. Qa5+ Kb8 54. Qe5+ Ka7 55. Qe3+ Qb6 56. Qd2 Qb3 57. Qa5+ 1/2-1/2

[Event "CAN-ch U16"]
[Site "Quebec"]
[Date "2018.07.04"]
[Round "6.13"]
[White "Zhang, Henry"]
[Black "Talukdar, Rohan Shyam"]
[Result "0-1"]
[WhiteElo "2223"]
[BlackElo "2331"]
[PlyCount "56"]
[EventDate "2018.07.02"]
[EventType "swiss"]
[EventRounds "7"]
[EventCountry "CAN"]
[SourceTitle "EXT 2022"]
[Source "ChessBase"]
[SourceDate "2021.10.06"]
[SourceVersion "1"]
[SourceVersionDate "2021.10.06"]
[SourceQuality "1"]

1. e4 c5 2. Nf3 d6 3. Bc4 Nc6 4. d3 g6 5. c3 Nf6 6. 0-0 Bg7 7. Nbd2 0-0 8. Re1 e5 9. Nf1 d5 10. exd5 Nxd5 11. Bb5 Nde7 12. Be3 b6 13. Qd2 Qc7 14. Bh6 Bg4 15. Bxg7 Kxg7 16. Qe3 f6 17. N1d2 Rad8 18. h3 Bf5 19. Qe2 Bc8 20. Rad1 Bb7 21. Nb3 Nf5 22. Nbd2 Nd6 23. Ba4 Ba6 24. Bc2 Rfe8 25. Qe3 Nd4 26. Ba4 N6f5 27. Qe4 Bb7 28. Qg4 h5 0-1

[Event "World ol U16"]
[Site "Ahmedabad"]
[Date "2017.12.17"]
[Round "8.3"]
[White "Zhang, Henry"]
[Black "Subrota, Biswas"]
[Result "1/2-1/2"]
[WhiteElo "2010"]
[BlackElo "2182"]
[PlyCount "98"]
[EventDate "2017.12.11"]
[EventType "team-swiss"]
[EventRounds "9"]
[EventCountry "IND"]
[SourceTitle "CBM 182 Extra"]
[Source "ChessBase"]
[SourceDate "2018.02.23"]
[SourceVersion "1"]
[SourceVersionDate "2018.02.23"]
[SourceQuality "1"]
[WhiteTeam "Canada"]
[BlackTeam "Bangladesh"]
[WhiteTeamCountry "CAN"]
[BlackTeamCountry "BAN"]

1. e4 e6 2. d4 d5 3. Nd2 Nf6 4. e5 Nfd7 5. Bd3 c5 6. c3 Nc6 7. Ne2 cxd4 8. cxd4 f6 9. exf6 Nxf6 10. 0-0 Bd6 11. Nf3 0-0 12. h3 Bd7 13. Be3 Rc8 14. Rc1 Qb6 15. Nc3 Na5 16. Ne5 Qd8 17. Qe2 a6 18. f4 b5 19. g4 Nc4 20. Rf2 b4 21. Nd1 Nxe3 22. Rxc8 Qxc8 23. Qxe3 Ba4 24. b3 Bb5 25. Rc2 Qe8 26. Nf2 Kh8 27. Kg2 Ng8 28. Bxb5 axb5 29. Qc1 Ne7 30. Nfd3 Ng6 31. Rc6 Bxe5 32. dxe5 Qa8 33. Qc2 Qa7 34. Rc8 Qe3 35. Rxf8+ Nxf8 36. Qc8 Qd2+ 37. Kg1 Kg8 38. Nc5 Qc1+ 39. Kg2 d4 40. Qc6 d3 41. Qd6 Qc2+ 42. Kg3 Qc1 43. Nxe6 Qe3+ 44. Kg2 Qe2+ 45. Kg3 Qe1+ 46. Kg2 Qe2+ 47. Kg3 Qe1+ 48. Kg2 Qe2+ 49. Kg3 Qe1+ 1/2-1/2

[Event "CAN-ch U20"]
[Site "Mississauga"]
[Date "2017.08.13"]
[Round "8"]
[White "Zhang, Henry"]
[Black "Vettese, Nicholas"]
[Result "0-1"]
[WhiteElo "1874"]
[BlackElo "2102"]
[PlyCount "124"]
[EventDate "2017.08.09"]
[EventType "swiss"]
[EventRounds "9"]
[EventCountry "CAN"]
[SourceTitle "CBM 180 Extra"]
[Source "ChessBase"]
[SourceDate "2017.10.06"]
[SourceVersion "1"]
[SourceVersionDate "2017.10.06"]
[SourceQuality "1"]

1. e4 c5 2. Nf3 d6 3. d4 cxd4 4. Qxd4 Nc6 5. Bb5 Bd7 6. Bxc6 bxc6 7. 0-0 e5 8. Qd3 Nf6 9. Rd1 h6 10. Nbd2 Be6 11. Nc4 Bxc4 12. Qxc4 Qc8 13. b3 Be7 14. Ba3 Qc7 15. Qe2 0-0 16. c4 Rfe8 17. Rac1 Bf8 18. Rd2 a5 19. Rcd1 c5 20. Ne1 a4 21. Nc2 axb3 22. axb3 Qb7 23. b4 Qxe4 24. bxc5 dxc5 25. Qxe4 Nxe4 26. Rd7 Ra4 27. f3 Nf6 28. Rd8 Rxc4 29. Rxe8 Nxe8 30. Rd8 Nc7 31. Rd2 Nb5 32. Bb2 Nd4 33. Ne3 Ra4 34. Kf2 f6 35. Nd5 Kf7 36. Nb6 Rb4 37. Nd5 Rb7 38. Ne3 Ke6 39. Ba3 Ra7 40. Bb2 Ra4 41. Bc3 Ra3 42. Bb2 Ra2 43. Nd1 Bd6 44. Nc3 Ra7 45. Rd1 f5 46. Nb1 Nb5 47. Nd2 Ra2 48. Nc4 Bc7 49. Kf1 Nd6 50. Nxd6 Bxd6 51. Bc3 Rc2 52. Ba5 c4 53. Bb6 c3 54. h3 Rb2 55. Be3 f4 56. Bc1 Rc2 57. Kg1 Bc5+ 58. Kh1 Be3 59. Bxe3 fxe3 60. Re1 Rd2 61. Kg1 c2 62. Kf1 Rd1 0-1

[Event "Canadian op"]
[Site "Sault Ste Marie"]
[Date "2017.07.15"]
[Round "8"]
[White "Zhang, Henry"]
[Black "Shen, Christopher Y"]
[Result "0-1"]
[WhiteElo "1914"]
[BlackElo "2165"]
[PlyCount "92"]
[EventDate "2017.07.08"]
[EventType "swiss"]
[EventRounds "9"]
[EventCountry "CAN"]
[SourceTitle "EXT 2018"]
[Source "ChessBase"]
[SourceDate "2017.10.13"]
[SourceVersion "1"]
[SourceVersionDate "2017.10.13"]
[SourceQuality "1"]

1. e4 e6 2. d4 d5 3. Nd2 c5 4. exd5 Qxd5 5. Ngf3 cxd4 6. Bc4 Qd6 7. 0-0 Nf6 8. Nb3 Nc6 9. Nbxd4 Nxd4 10. Nxd4 a6 11. c3 Qc7 12. Bb3 Bd6 13. h3 Bd7 14. Qf3 0-0-0 15. Be3 Kb8 16. Rfc1 e5 17. Nc2 Bc6 18. Qe2 Nd5 19. Rd1 Be7 20. Rd2 f5 21. Rad1 Nf6 22. Rxd8+ Rxd8 23. Bg5 Rxd1+ 24. Qxd1 Bc5 25. Bxf6 gxf6 26. Ne3 Bxe3 27. fxe3 Qb6 28. Qd6+ Ka7 29. Qd2 f4 30. Kf2 fxe3+ 31. Qxe3 Qxe3+ 32. Kxe3 Bxg2 33. Bc2 Bxh3 34. Bxh7 Be6 35. Bb1 f5 36. a3 Kb6 37. Bd3 Kc5 38. b4+ Kd6 39. c4 e4 40. c5+ Ke5 41. Bf1 f4+ 42. Kf2 e3+ 43. Ke1 f3 44. Bd3 Kd4 45. Bg6 f2+ 46. Ke2 Bc4+ 0-1

[Event "CAN-ch U14"]
[Site "Sault Ste Marie"]
[Date "2017.07.10"]
[Round "7.32"]
[White "Zhang, Henry"]
[Black "Gaisinsky, Adam"]
[Result "1/2-1/2"]
[WhiteElo "2108"]
[BlackElo "2056"]
[PlyCount "81"]
[EventDate "2017.07.06"]
[EventType "swiss"]
[EventRounds "7"]
[EventCountry "CAN"]
[SourceTitle "EXT 2022"]
[Source "ChessBase"]
[SourceDate "2021.10.06"]
[SourceVersion "1"]
[SourceVersionDate "2021.10.06"]
[SourceQuality "1"]

1. e4 e5 2. Nf3 Nc6 3. Bc4 Nf6 4. d3 Be7 5. 0-0 0-0 6. Re1 d6 7. c3 Na5 8. Bb5 a6 9. Ba4 b5 10. Bc2 c5 11. Nbd2 Nd7 12. Nf1 Nb6 13. h3 Nc6 14. Ng3 g6 15. d4 Bf6 16. d5 Ne7 17. a4 Bd7 18. a5 Nc4 19. b4 cxb4 20. cxb4 Bg7 21. Bb3 Rc8 22. Qe2 h6 23. Nd2 Nxd2 24. Bxd2 f5 25. Kh2 f4 26. Nf1 Qe8 27. g3 h5 28. Rec1 Qf7 29. Rxc8 Bxc8 30. Re1 g5 31. Bd1 g4 32. h4 Ng6 33. Kg1 Qe7 34. Qd3 Qa7 35. Kg2 fxg3 36. fxg3 Qf2+ 37. Kh1 Nxh4 38. gxh4 Qxh4+ 39. Kg1 Qf2+ 40. Kh1 Qh4+ 41. Kg1 1/2-1/2

[Event "Canadian op"]
[Site "Sault Ste Marie"]
[Date "2017.07.09"]
[Round "2"]
[White "Zhang, Henry"]
[Black "Munro, Allan"]
[Result "0-1"]
[WhiteElo "1914"]
[BlackElo "2083"]
[PlyCount "128"]
[EventDate "2017.07.08"]
[EventType "swiss"]
[EventRounds "9"]
[EventCountry "CAN"]
[SourceTitle "EXT 2018"]
[Source "ChessBase"]
[SourceDate "2017.10.13"]
[SourceVersion "1"]
[SourceVersionDate "2017.10.13"]
[SourceQuality "1"]

1. e4 e5 2. Nf3 Nc6 3. Bc4 Nf6 4. d3 Be7 5. 0-0 0-0 6. Nbd2 d6 7. c3 Na5 8. Bb5 a6 9. Ba4 b5 10. Bc2 c5 11. Re1 Nc6 12. Nf1 Re8 13. d4 exd4 14. cxd4 Bg4 15. dxc5 dxc5 16. h3 Qxd1 17. Bxd1 Bxf3 18. Bxf3 Nd4 19. e5 Nxf3+ 20. gxf3 Nd5 21. Be3 Nb4 22. Red1 Red8 23. Rd2 Rxd2 24. Nxd2 Nd3 25. b3 Nxe5 26. Rc1 f5 27. Rc3 Nd7 28. Kg2 Kf7 29. Rc2 Re8 30. Nf1 Bd6 31. Ng3 g6 32. Ne2 Nf6 33. Nc1 Rc8 34. Ne2 Nd5 35. Rd2 Ke6 36. f4 Be7 37. Kf3 Bf6 38. Rc2 Nxe3 39. fxe3 Kd6 40. e4 fxe4+ 41. Kxe4 Re8+ 42. Kf3 Kc6 43. Ng3 Kb6 44. Ne4 Be7 45. Re2 Rf8 46. Nc3 Bd6 47. Nd5+ Kc6 48. Ne7+ Kd7 49. Nd5 g5 50. Re4 gxf4 51. Nxf4 Bxf4 52. Rxf4 Rxf4+ 53. Kxf4 Kd6 54. Ke4 Ke6 55. a3 a5 56. h4 h5 57. a4 bxa4 58. bxa4 Kd6 59. Kd3 Kd5 60. Kc3 c4 61. Kc2 Kd4 62. Kd2 c3+ 63. Kc2 Kc4 64. Kc1 Kb3 0-1

[Event "CAN-ch U14"]
[Site "Sault Ste Marie"]
[Date "2017.07.08"]
[Round "5.33"]
[White "Zhang, Henry"]
[Black "Chung, Alec"]
[Result "0-1"]
[WhiteElo "2108"]
[BlackElo "1799"]
[PlyCount "66"]
[EventDate "2017.07.06"]
[EventType "swiss"]
[EventRounds "7"]
[EventCountry "CAN"]
[SourceTitle "EXT 2022"]
[Source "ChessBase"]
[SourceDate "2021.10.06"]
[SourceVersion "1"]
[SourceVersionDate "2021.10.06"]
[SourceQuality "1"]

1. e4 c5 2. Nf3 d6 3. d4 cxd4 4. Qxd4 a6 5. c4 Nc6 6. Qe3 Nf6 7. h3 g6 8. Be2 Bg7 9. 0-0 Bd7 10. Nc3 0-0 11. Rd1 Qc7 12. Rb1 Na7 13. c5 Rfd8 14. cxd6 exd6 15. Bd2 Bc6 16. Nd4 d5 17. e5 Ne4 18. f4 Nxc3 19. Bxc3 Nb5 20. Nxb5 Bxb5 21. Bxb5 axb5 22. a3 Rac8 23. Kh1 Bf8 24. Rd3 Bc5 25. Qd2 Rd7 26. Rxd5 Rcd8 27. Rxd7 Rxd7 28. Qe2 Qd8 29. Rc1 Rd3 30. Ba5 Qd5 31. Rxc5 Rxh3+ 32. Kg1 Qxc5+ 33. Qf2 Rh1+ 0-1

[Event "CAN-ch U14"]
[Site "Sault Ste Marie"]
[Date "2017.07.06"]
[Round "1.33"]
[White "Zhang, Henry"]
[Black "Cloutier, Simon"]
[Result "1-0"]
[WhiteElo "2108"]
[BlackElo "1163"]
[PlyCount "127"]
[EventDate "2017.07.06"]
[EventType "swiss"]
[EventRounds "7"]
[EventCountry "CAN"]
[SourceTitle "EXT 2022"]
[Source "ChessBase"]
[SourceDate "2021.10.06"]
[SourceVersion "1"]
[SourceVersionDate "2021.10.06"]
[SourceQuality "1"]

1. e4 e5 2. Nf3 Nc6 3. Bc4 Bc5 4. d3 Nf6 5. 0-0 0-0 6. Nbd2 h6 7. h3 a6 8. c3 d6 9. Bb3 Qe7 10. Re1 Be6 11. Bc2 Nd7 12. Nf1 f5 13. d4 fxe4 14. Bxe4 d5 15. Bc2 Bd6 16. dxe5 Ncxe5 17. Nxe5 Bxe5 18. Qe2 Bf5 19. Bxf5 Rxf5 20. Ne3 Rf7 21. Nxd5 Qc5 22. Nb4 Re8 23. Be3 Qf8 24. Qc4 Kh8 25. Rad1 c6 26. Re2 Nf6 27. Bc5 b5 28. Bxf8 bxc4 29. Rde1 Rexf8 30. Rxe5 Nd7 31. Re7 Nc5 32. Rxf7 Rxf7 33. Nxc6 Nd3 34. Re2 Rb7 35. Nb4 a5 36. Nxd3 cxd3 37. Rd2 Kg8 38. f3 Kf7 39. Kf2 Ke6 40. Ke3 Ke5 41. Kxd3 a4 42. Kc4 Kf4 43. Re2 Kg3 44. b3 axb3 45. axb3 Kf4 46. b4 Ra7 47. b5 Kf5 48. b6 Rb7 49. Kb5 Kf6 50. Kc6 Rb8 51. b7 g5 52. Kc7 Rxb7+ 53. Kxb7 h5 54. g4 hxg4 55. fxg4 Kg6 56. Kc7 Kf7 57. Kd7 Kf6 58. Rf2+ Kg7 59. Ke7 Kg6 60. Rf5 Kg7 61. Rxg5+ Kh6 62. h4 Kh7 63. Kf7 Kh6 64. Rh5# 1-0